Justitia könnyeihez

Bibliographic Details
Main Author: Lovász, Attila, 1963- (Author)
Format: Article
Language:Hungarian
ISSN:1335-7050
Subjects:

MARC

LEADER 00000nab a2200000 ar4500
001 vtls010119881
003 SK-MaSNL
005 20260319070707.0
008 100730c20100724xo |||||||| 000 b|hun
015 |a SNBRB2010/07  |2 snkbucl 
038 |a SNKBUCL 
040 |a DSZK  |b slo  |c DSZK  |e AACR2 
041 0 |a hun 
044 |a xo  |c SK 
080 |a 821.511.141 (437.6)-92=511.141  |2 2001 
100 1 |a Lovász, Attila,  |d 1963-  |4 aut  |9 267232 
245 1 0 |a Justitia könnyeihez  |c Lovász Attila 
650 0 7 |a publicistické glosy, maďarské  |2 snkbucl  |9 73730 
773 0 |t Új szó  |g Évf. 63, sz. 169 (24.7.2010), o. 7  |x 1335-7050 
852 |a SNK  |b KIS3GCP 
852 |a DSZK  |b KIS3GCP 
958 |a HU 
958 |a SK 
958 |a LX 
999 |c 1783049  |d 1784979